Qua cuốn Ngô Gia thế phá mới tìm thấy ở Thái Bình /

में बचाया:
ग्रंथसूची विवरण
मुख्य लेखक: Nguyễn Tiến Đoàn.
अन्य लेखक: Thanh Vân.
स्वरूप: लेख
भाषा:Vietnamese
विषय:
टैग : टैग जोड़ें
कोई टैग नहीं, इस रिकॉर्ड को टैग करने वाले पहले व्यक्ति बनें!
Thư viện lưu trữ: Thư viện Trường Đại học Đà Lạt
LEADER 00717nam a2200265 4500
001 DLU090075227
005 ##20090610
040 # # |a DLU  |b vie 
041 # # |a vie 
044 # # |a vn 
100 # # |a Nguyễn Tiến Đoàn.  
245 # # |a Qua cuốn Ngô Gia thế phá mới tìm thấy ở Thái Bình /  |c Nguyễn Tiến Đoàn, Thanh Vân. 
653 # # |a Gia phả  
653 # # |a Nhân vật lịch sử  
653 # # |a Sử liệu  
700 # # |a Thanh Vân.  
773 # # |t Tạp chí nghiên cứu lịch sử  |g Số 6, 1976, tr. 80-83 
994 # # |a DLU 
900 # # |a True 
911 # # |a Nguyễn Thị Linh Chi 
925 # # |a G 
926 # # |a A 
927 # # |a BB 
980 # # |a Thư viện Trường Đại học Đà Lạt